000 00696nam a2200277Ia 4500
005 20260320195714.0
008 008 262003s9999 xx 000 0 hin d
020 _a9789360861896
037 _aEBOOK
040 _aCRL
040 _bhin
040 _cCRL
041 _2hin
041 _ahin
084 _qCRL
100 _aहरिशंकर परसाई, सं. वेद प्रकाश
_91132865
245 0 _aभोलाराम का जीव
250 _a2nd
260 _bRajkamal
260 _c2024
300 _a160
856 _uhttps://ebook.indiaread.in/pdfs/9789360861896.pdf
942 _cEBOOK
999 _c1716050
_d1716050